| 000 | 01511cam a22003977a 4500 | ||
|---|---|---|---|
| 001 | 17541285 | ||
| 003 | NUST | ||
| 005 | 20211206161404.0 | ||
| 008 | 121127s2012 enka 001 0 eng d | ||
| 010 | _a 2012472494 | ||
| 015 |
_aGBB233137 _2bnb |
||
| 020 | _a0750651202 | ||
| 035 | _a(OCoLC)ocn809028855 | ||
| 038 | _aAsim zubair | ||
| 040 |
_aQCL _beng _cQCL _dOCLCO _dCDX _dKSU _dDLC |
||
| 042 | _alccopycat | ||
| 050 | 0 | 0 |
_aT353 _b.S48 2004 |
| 082 | 0 | 4 |
_a604.02 _bSIM |
| 100 | 1 |
_aSimmons, C. H. & Maguire, D. E _q(Colin H.) _985766 |
|
| 245 | 1 | 0 |
_aManual of Engineering Drawing : _b to British and international standards / _cColin H. Simmons, Neil Phelps, the late Dennis E. Maguire. |
| 250 | _a2th ed. | ||
| 260 |
_aOxford ; _aWaltham [Mass.] : _bElsevier/Butterworth-Heinemann, _c2004. |
||
| 300 |
_aix, 295 p. : _bill. ; _c28 cm. |
||
| 500 | _aPrevious ed.: London : Newnes, 2009. | ||
| 500 | _aIncludes index. | ||
| 530 | _aAlso issued online. | ||
| 563 | _aHard cover | ||
| 650 | 0 |
_aMechanical drawing. _985767 |
|
| 650 | 0 |
_aMechanical drawing _xStandards. _985768 |
|
| 700 | 1 |
_aPhelps, Neil, _cIEng MIED. _985769 |
|
| 700 | 1 |
_aMaguire, D. E. _q(Dennis E.) _985770 |
|
| 776 | 0 | 8 |
_iOnline version : _aSimmons, C. H. (Colin H.). _tManual of engineering drawing. _b4th ed. _dBurlington : Butterworth Heinemann, c2012 _z9780080966526 _w(OCoLC)793995999 |
| 906 |
_a7 _bcbc _ccopycat _d2 _encip _f20 _gy-gencatlg |
||
| 942 |
_2ddc _cBK |
||
| 999 |
_c587108 _d587108 |
||